000 00749nam a22002297a 4500
003 UA-OsUOA
001 110994
007 ta
008 20150423b un ||||| |||| 00| 0 ukr d
090 _a82.0(100)(082)
_bЗ-13
942 _cBK
040 _aUA-OsUOA
_bukr
_cUA-OsUOA
_dUA-OsUOA
245 _aSemper tito
_bзбірник на пошану професора Володимира Панченка: до 60-річчя від дня народження
_cупоряд. В. Моренець
300 _a455 с.
955 _a1
041 _aukr
080 _a82.0(100)(082)
020 _a978-966-518-659-5
260 _aК.
_bКМА
_c2014
650 7 _a82 Література. Літературознавство
_2UDC
999 _c397258
_d397258